A trip to the doctor / (Record no. 6682)

MARC details
000 -LEADER
fixed length control field 01015cam a22003374a 4500
001 - CONTROL NUMBER
control field 6682
003 - CONTROL NUMBER IDENTIFIER
control field FISKH
005 - DATE AND TIME OF LATEST TRANSACTION
control field 20250520160832.0
008 - FIXED-LENGTH DATA ELEMENTS--GENERAL INFORMATION
fixed length control field 050113s2005 nyua j 000 0 eng
010 ## - LIBRARY OF CONGRESS CONTROL NUMBER
LC control number 2005001089
020 ## - INTERNATIONAL STANDARD BOOK NUMBER
International Standard Book Number 0756611377 (pb)
020 ## - INTERNATIONAL STANDARD BOOK NUMBER
International Standard Book Number 9780756611378
020 ## - INTERNATIONAL STANDARD BOOK NUMBER
International Standard Book Number 0756611369 (plc)
040 ## - CATALOGING SOURCE
Original cataloging agency DLC
Transcribing agency DLC
Modifying agency DLC
Language of cataloging eng
050 ## - LIBRARY OF CONGRESS CALL NUMBER
Classification number RJ50 .L63
082 00 - DEWEY DECIMAL CLASSIFICATION NUMBER
Classification number 618.92
100 1# - MAIN ENTRY--PERSONAL NAME
Personal name Lock, Deborah.
245 12 - TITLE STATEMENT
Title A trip to the doctor /
Statement of responsibility, etc. written by Deborah Lock.
260 ## - PUBLICATION, DISTRIBUTION, ETC.
Place of publication, distribution, etc. New York :
Name of publisher, distributor, etc. DK Publishing,
Date of publication, distribution, etc. 2005.
300 ## - PHYSICAL DESCRIPTION
Extent 32 pages :
Other physical details color illustrations ;
Dimensions 23 cm
490 1# - SERIES STATEMENT
Series statement Dk readers. Level 1
505 ## - FORMATTED CONTENTS NOTE
Formatted contents note J<br/>
520 ## - SUMMARY, ETC.
Summary, etc. Explains what it's like to visit the doctor.
521 8# - TARGET AUDIENCE NOTE
Target audience note 500<br/>
Source Lexile<br/>
521 8# - TARGET AUDIENCE NOTE
Target audience note J<br/>
Source Raz-Plus<br/>
650 #0 - SUBJECT ADDED ENTRY--TOPICAL TERM
Topical term or geographic name entry element Children
General subdivision Medical examinations
Form subdivision Juvenile literature.
650 #0 - SUBJECT ADDED ENTRY--TOPICAL TERM
Topical term or geographic name entry element Children
General subdivision Preparation for medical care
Form subdivision Juvenile literature.
906 ## - LOCAL DATA ELEMENT F, LDF (RLIN)
a 7
b cbc
c orignew
d 1
e ecip
f 20
g y-gencatlg
942 ## - ADDED ENTRY ELEMENTS (KOHA)
Source of classification or shelving scheme Dewey Decimal Classification
Koha item type Books
Suppress in OPAC No
Holdings
Withdrawn status Lost status Source of classification or shelving scheme Damaged status Not for loan Collection Home library Current library Shelving location Date acquired Total Checkouts Full call number Barcode Date last seen Copy number Price effective from Koha item type
    Dewey Decimal Classification     Non-Fiction Footprints International School Library Network Toul Kork Campus Footprints International School Library Network Toul Kork Campus TK Primary Library Room(4th Floor), Bookcase 1&2, Shelves 1-16, Dark Blue Books 05/20/2025   LOC 618.92 RJ50 .L63 FISTK01404 05/20/2025 1 05/20/2025 Books